المستدرك على الصحيحين للحاكم : دراسة منهجية حديثية /
Abstract in English and Arabic.
Saved in:
| 主要作者: | |
|---|---|
| 其他作者: | |
| 格式: | Thesis |
| 语言: | Arabic |
| 出版: |
Maliziya :
al-Jami'ah al-Islamiyah al-'Alamiyah ,
2001
|
| 主题: | |
| 在线阅读: | http://studentrepo.iium.edu.my/handle/123456789/8672 |
| 标签: |
添加标签
没有标签, 成为第一个标记此记录!
|
| LEADER | 025050000a22004450004500 | ||
|---|---|---|---|
| 001 | 230310 | ||
| 005 | 20230420123138.0 | ||
| 008 | 020424s2001 my g 000 0 ara d | ||
| 035 | |a (Sirsi) 230310 | ||
| 040 | |a UIAM |b eng | ||
| 041 | 0 | |a ara | |
| 050 | 0 | 0 | |a BP135.A2.H155.M3 |
| 100 | 1 | |a محمد مستقيم بن محمد ظريف |9 119112 | |
| 242 | 1 | 3 | |a al-Mustadrak 'ala al-Sahihayn lil-Hakim : |b dirasah manhajiyah hadithiyah |
| 245 | 1 | 2 | |a المستدرك على الصحيحين للحاكم : |b دراسة منهجية حديثية / |c محمد مستقيم بن محمد ظريف |
| 260 | |a Maliziya : |b al-Jami'ah al-Islamiyah al-'Alamiyah , |c 2001 | ||
| 300 | |a 122 p. ; |b 30 cm. | ||
| 336 | |2 rdacontent | ||
| 337 | |2 rdamedia | ||
| 338 | |2 rdacarrier | ||
| 500 | |a "Bath takmili muqaddim li nayl darjat al-majistir fi al-ma'arif al-wahy wa al-turath (Qism al-Dirasat al-Qur'aniyah wa al-Hadithiyah)."--On t.p. | ||
| 502 | |a Thesis (M.A.) -- International Islamic University Malaysia, 2001. | ||
| 504 | |a Includes bibliographical references (p. 117-122). | ||
| 520 | 0 | |a Abstract in English and Arabic. | |
| 600 | 2 | 0 | |a Hakim al-Nisaburi, Muhammad ibn 'Abd Allah, |d 933-1014. |t Mustadrak 'ala al-Sahihayn |9 35025 |
| 650 | 0 | |a Hadith |x Study and teaching |9 5851 | |
| 650 | 0 | |a Hadith |x Authorities |9 779 | |
| 650 | 0 | |a Hadith |x Evidences, authority, etc. |9 2241 | |
| 655 | 0 | 7 | |a Theses, IIUM local |
| 690 | 0 | |a Dissertations, Academic |x Department of Qur'an and Sunnah Studies |z IIUM | |
| 700 | 1 | 0 | |a Muhammad Mustaqim Mohd. Zarif |9 13042 |
| 710 | 2 | |a International Islamic University Malaysia. |b Department of Qur'an and Sunnah Studies |9 879 | |
| 775 | 0 | |a حاكم النيسابورى، محمد ابن عبدالله، |d بيروت : دار معرفة، 1986 |e ara |t المستدرك على الصحيحين | |
| 856 | 4 | |u http://studentrepo.iium.edu.my/handle/123456789/8672 | |
| 900 | |a sar-smh-rmb | ||
| 942 | |2 lcc |n 0 | ||
| 999 | |c 431853 |d 466031 | ||
| 952 | |0 0 |6 T BP 000135 A2 H155 M3 M9525 2001 |7 0 |8 THESES |9 752563 |a IIUM |b IIUM |c MULTIMEDIA |g 0.00 |o t BP 135 A2 H155 M3 M9525 2001 |p 11100325255 |r 2017-10-17 |t 2 |v 0.00 |y THESIS | ||
| 952 | |0 0 |6 LU T BP 135 A2 H155 M3 M9525 2001 |7 0 |8 THESES |9 755491 |a IIUM |b IIUM |c CLOSEACCES |g 0.00 |o lu t BP 135 A2 H155 M3 M9525 2001 |p 00000669473 |r 2017-10-24 |t 1 |v 0.00 |y THESIS | ||
| 952 | |0 0 |6 TS CDF BP 135 A2 H155 M3 M9525 2001 |7 0 |8 THESES |9 808596 |a IIUM |b IIUM |c MULTIMEDIA |g 0.00 |o ts cdf BP 135 A2 H155 M3 M9525 2001 |p 11100325374 |r 2017-10-26 |t 1 |v 0.00 |y THESISDIG | ||
